[Event "Varazdin Spancir op 1st"]
[Site "Varazdin"]
[Date "2023.08.26"]
[Round "4"]
[White "Poljan, Max"]
[Black "Kelemen, Miljenko"]
[Result "1-0"]
[WhiteElo "1928"]
[BlackElo "1978"]
[PlyCount "41"]
[EventDate "2023.08.24"]
[EventType "swiss"]
[EventRounds "7"]
[EventCountry "CRO"]
[SourceTitle "EXT 2024"]
[Source "ChessBase"]
[SourceDate "2023.10.10"]
[SourceVersion "1"]
[SourceVersionDate "2023.10.10"]
[SourceQuality "1"]

1. e4 c5 2. Nf3 Nc6 3. d4 cxd4 4. Nxd4 g6 5. Nc3 Bg7 6. Be3 Nf6 7. Bc4 d6 8. f3 0-0 9. Qd2 Bd7 10. 0-0-0 Qb8 11. Bb3 Rc8 12. h4 b5 13. h5 a5 14. hxg6 hxg6 15. Bh6 Bh8 16. Bf8 Nh5 17. Nxc6 Rxc6 18. Bxe7 Be5 19. Rxh5 gxh5 20. Qg5+ Bg7 21. Nd5 1-0

[Event "Krapina op 11th"]
[Site "Krapina"]
[Date "2023.01.13"]
[Round "1"]
[White "Kelemen, Miljenko"]
[Black "Popov, Luka"]
[Result "1-0"]
[WhiteElo "1987"]
[BlackElo "1493"]
[PlyCount "103"]
[EventDate "2023.01.13"]
[EventType "swiss"]
[EventRounds "7"]
[EventCountry "CRO"]
[SourceTitle "CBM 212 Extra"]
[Source "ChessBase"]
[SourceDate "2023.03.31"]
[SourceVersion "1"]
[SourceVersionDate "2023.03.31"]
[SourceQuality "1"]

1. d4 d5 2. Bf4 Nf6 3. e3 e6 4. Nf3 Bd6 5. Nbd2 Bxf4 6. exf4 0-0 7. Bd3 b6 8. Qe2 a5 9. 0-0 Ba6 10. Ne5 Bxd3 11. Qxd3 c5 12. c3 c4 13. Qh3 Qc7 14. Rfe1 Nbd7 15. Re3 Rfe8 16. Rae1 Nf8 17. f5 exf5 18. Qxf5 Qc8 19. Qf3 b5 20. g4 Ne6 21. h4 h6 22. Qf5 Nf8 23. Qxc8 Raxc8 24. g5 hxg5 25. hxg5 N6d7 26. Nexc4 Rxe3 27. Nxe3 Nb6 28. Nf5 Ng6 29. Nd6 Rb8 30. b3 Nd7 31. Kf1 Ndf8 32. Nf3 Ne6 33. Ke2 Nef4+ 34. Kd2 f6 35. Re8+ Rxe8 36. Nxe8 fxg5 37. Nxg5 Kf8 38. Nc7 b4 39. cxb4 axb4 40. Na6 Ke7 41. Nxb4 Kd6 42. Nd3 Nh5 43. a4 Nf6 44. f3 Ne7 45. b4 Nc6 46. Kc3 Nh5 47. b5 Na5 48. Nf7+ Ke6 49. Nfe5 Ng3 50. Kb4 Nb7 51. Nc5+ Nxc5 52. Kxc5 1-0

[Event "Varazdinske Toplice op"]
[Site "Varazdinske Toplice"]
[Date "2022.12.26"]
[Round "4"]
[White "Kelemen, Miljenko"]
[Black "Orak, Tugomir"]
[Result "1-0"]
[WhiteElo "2052"]
[BlackElo "1851"]
[PlyCount "105"]
[EventDate "2022.12.26"]
[EventType "swiss"]
[EventRounds "9"]
[EventCountry "CRO"]
[SourceTitle "CBM 211 Extra"]
[Source "ChessBase"]
[SourceDate "2023.01.31"]
[SourceVersion "1"]
[SourceVersionDate "2023.01.31"]
[SourceQuality "1"]

1. d4 c5 2. c3 e6 3. Nf3 Nc6 4. e4 Qc7 5. a3 d6 6. Be2 Nf6 7. Qc2 Be7 8. 0-0 0-0 9. Bf4 e5 10. dxe5 dxe5 11. Bg3 Nh5 12. Nbd2 Nxg3 13. hxg3 Be6 14. Bc4 Bxc4 15. Nxc4 b5 16. Ne3 Bd6 17. Rad1 Rad8 18. Rd2 Be7 19. Nd5 Qb7 20. Rfd1 Rfe8 21. c4 b4 22. Nxe7+ Qxe7 23. Rd5 Nd4 24. Qa4 Rxd5 25. cxd5 Rb8 26. Nd2 g6 27. Nc4 Nb5 28. axb4 cxb4 29. d6 Qb7 30. d7 Rd8 31. Nxe5 f6 32. Qa5 Nc7 33. Rc1 Ne6 34. Rc8 Rxc8 35. dxc8Q+ Qxc8 36. Nd3 Qc2 37. Qd5 Kf7 38. Nf4 Qc8 39. b3 Ke7 40. Nxe6 Qxe6 41. Qb7+ Qd7 42. Qxb4+ Kf7 43. Qc4+ Kg7 44. f3 Qd1+ 45. Kh2 Qd2 46. b4 h5 47. Qc7+ Kh6 48. Qf4+ Qxf4 49. gxf4 g5 50. fxg5+ Kxg5 51. Kh3 a6 52. g3 Kg6 53. Kh4 1-0

[Event "Varazdinske Toplice op"]
[Site "Varazdinske Toplice"]
[Date "2022.12.26"]
[Round "7"]
[White "Sliepcevic, Mladen"]
[Black "Kelemen, Miljenko"]
[Result "0-1"]
[WhiteElo "2124"]
[BlackElo "2052"]
[PlyCount "83"]
[EventDate "2022.12.26"]
[EventType "swiss"]
[EventRounds "9"]
[EventCountry "CRO"]
[SourceTitle "CBM 211 Extra"]
[Source "ChessBase"]
[SourceDate "2023.01.31"]
[SourceVersion "1"]
[SourceVersionDate "2023.01.31"]
[SourceQuality "1"]

1. d3 d5 2. f4 Nc6 3. Nf3 Bg4 4. Nbd2 Nf6 5. g3 e6 6. Bg2 Bc5 7. c3 0-0 8. d4 Be7 9. 0-0 Ne4 10. Ne5 Nxe5 11. Nxe4 Nc4 12. Nf2 Bh5 13. Qd3 Bg6 14. e4 Nd6 15. Re1 dxe4 16. Nxe4 c5 17. dxc5 Nxe4 18. Qxd8 Rfxd8 19. Bxe4 Bxe4 20. Rxe4 Rd1+ 21. Kf2 Bxc5+ 22. Ke2 Rad8 23. b4 Bb6 24. c4 Rh1 25. c5 Rxh2+ 26. Kf3 Bc7 27. Be3 h5 28. Bf2 Rd3+ 29. Re3 Rxe3+ 30. Kxe3 Kf8 31. Kf3 f6 32. Rd1 Ke7 33. b5 g5 34. c6 bxc6 35. bxc6 Bd6 36. Rb1 g4+ 37. Ke2 Bc5 38. Rc1 Rxf2+ 39. Ke1 Kd6 40. c7 Kxc7 41. Rxc5+ Kd6 42. Ra5 0-1

[Event "Oskarja Memorial 10th"]
[Site "Chess.com INT"]
[Date "2021.01.16"]
[Round "8"]
[White "Kelemen, Miljenko"]
[Black "Friedrich, Zdenko"]
[Result "1-0"]
[WhiteElo "2025"]
[BlackElo "2003"]
[PlyCount "33"]
[EventDate "2021.01.16"]
[EventType "swiss (blitz)"]
[EventRounds "15"]
[EventCountry "SLO"]
[SourceTitle "CBM 200 Extra"]
[Source "ChessBase"]
[SourceDate "2021.03.31"]
[SourceVersion "1"]
[SourceVersionDate "2021.03.31"]
[SourceQuality "1"]

1. d4 e6 2. Bf4 b6 3. e3 Bb7 4. Nf3 Nf6 5. Bd3 d5 6. Nbd2 Be7 7. Ne5 0-0 8. Qf3 c5 9. c3 Nc6 10. 0-0 cxd4 11. exd4 Rc8 12. Qh3 g6 13. Rfe1 a6 14. Re3 Nh5 15. Bh6 Re8 16. Nxf7 Kxf7 17. Qxe6# 1-0

[Event "Oskarja Memorial 10th"]
[Site "Chess.com INT"]
[Date "2021.01.16"]
[Round "9"]
[White "Kelemen, Miljenko"]
[Black "Mravunac, Damir"]
[Result "0-1"]
[WhiteElo "2025"]
[BlackElo "2105"]
[PlyCount "54"]
[EventDate "2021.01.16"]
[EventType "swiss (blitz)"]
[EventRounds "15"]
[EventCountry "SLO"]
[SourceTitle "CBM 200 Extra"]
[Source "ChessBase"]
[SourceDate "2021.03.31"]
[SourceVersion "1"]
[SourceVersionDate "2021.03.31"]
[SourceQuality "1"]

1. d4 e6 2. g4 c5 3. c3 h5 4. g5 Nc6 5. h4 d5 6. e3 e5 7. dxe5 Nxe5 8. Be2 Bg4 9. f3 Bf5 10. Nh3 Bxh3 11. Rxh3 Ne7 12. Qc2 g6 13. b3 Bg7 14. Bb2 0-0 15. Nd2 Qd7 16. Rg3 Nf5 17. Rg1 Nxe3 18. Qc1 a5 19. Kf2 Nf5 20. c4 d4 21. Ne4 b6 22. Qf4 Rfe8 23. Nf6+ Bxf6 24. gxf6 Kh7 25. Rg5 Qe6 26. Rxh5+ gxh5 27. Qg5 Ng4+ 0-1

[Event "Oskarja Memorial 10th"]
[Site "Chess.com INT"]
[Date "2021.01.16"]
[Round "1"]
[White "Zobenica, Cedomir"]
[Black "Kelemen, Miljenko"]
[Result "0-1"]
[WhiteElo "1430"]
[BlackElo "2025"]
[PlyCount "134"]
[EventDate "2021.01.16"]
[EventType "swiss (blitz)"]
[EventRounds "15"]
[EventCountry "SLO"]
[SourceTitle "CBM 200 Extra"]
[Source "ChessBase"]
[SourceDate "2021.03.31"]
[SourceVersion "1"]
[SourceVersionDate "2021.03.31"]
[SourceQuality "1"]

1. e4 c5 2. Nf3 e6 3. d3 Nc6 4. Be2 g6 5. c3 Bg7 6. Nbd2 Nge7 7. h3 0-0 8. Rb1 d5 9. 0-0 a6 10. Qc2 b5 11. a3 Rb8 12. b4 d4 13. cxd4 Nxd4 14. Nxd4 cxd4 15. Bb2 e5 16. Rbc1 Be6 17. Qb1 Qb6 18. Bd1 Rbc8 19. Bb3 Bh6 20. Rxc8 Rxc8 21. Bxe6 Qxe6 22. Nf3 f6 23. Rc1 Bxc1 24. Bxc1 Qc6 25. Bh6 Qc2 26. Qf1 Rc3 27. Ne1 Qd1 28. f4 Qh5 29. fxe5 Qxh6 30. Qxf6 Qg7 31. Qd6 Rc6 32. Qxd4 Re6 33. Qd8+ Kf7 34. d4 Qh6 35. Nf3 Qe3+ 36. Kh2 Qf4+ 37. Kg1 Qe3+ 38. Kh2 Rc6 39. d5 Qf4+ 40. Kg1 Rc1+ 41. Kf2 Rc2+ 42. Kg1 Qe3+ 43. Kh2 Qxf3 44. e6+ Kg7 45. Qxe7+ Kh6 46. Qh4+ Kg7 47. Qe7+ Kg8 48. Qe8+ Qf8 49. Qxf8+ Kxf8 50. Kg3 Ke7 51. Kf4 Rf2+ 52. Ke5 Rd2 53. g4 g5 54. Kf5 h6 55. e5 Rxd5 56. Kg6 Kxe6 57. Kxh6 Rxe5 58. Kg6 Rd5 59. Kh5 Kf6 60. h4 gxh4+ 61. Kxh4 Rd4 62. Kh5 Kg7 63. Kg5 Rd3 64. Kf5 Rxa3 65. Ke5 a5 66. Kf5 axb4 67. g5 b3 0-1

[Event "Podturen Mavrin Memorial 8th"]
[Site "Podturen"]
[Date "2020.01.04"]
[Round "2"]
[White "Kelemen, Miljenko"]
[Black "Bender, Ivan"]
[Result "0-1"]
[WhiteElo "1945"]
[BlackElo "2201"]
[PlyCount "138"]
[EventDate "2020.01.03"]
[EventType "swiss"]
[EventRounds "7"]
[EventCountry "CRO"]
[SourceTitle "CBM 194 Extra"]
[Source "ChessBase"]
[SourceDate "2020.03.31"]
[SourceVersion "1"]
[SourceVersionDate "2020.03.31"]
[SourceQuality "1"]

1. d4 d5 2. Bf4 Nf6 3. e3 c5 4. Nf3 Nc6 5. Nbd2 Qb6 6. dxc5 Qxc5 7. Nb3 Qb6 8. Bd3 Bg4 9. Be2 e6 10. 0-0 Be7 11. h3 Bh5 12. Ne5 Bxe2 13. Qxe2 0-0 14. Rac1 Rac8 15. Rfe1 Rfd8 16. c3 Na5 17. Nd4 Nc4 18. b3 Nxe5 19. Bxe5 a6 20. Nf3 Nd7 21. Bf4 Qa5 22. c4 Ba3 23. Rc2 Nb6 24. Rb1 f6 25. e4 d4 26. Ne1 e5 27. Bd2 Bb4 28. Nd3 Bxd2 29. Rxd2 Qa3 30. c5 Nd7 31. b4 b6 32. Rb3 Qa4 33. cxb6 Nxb6 34. Nc5 Qb5 35. Qg4 Qc4 36. Rd1 Re8 37. Rg3 Rc7 38. a3 a5 39. Nd3 axb4 40. Rc1 Qf7 41. Rxc7 Qxc7 42. Nxb4 Qd7 43. Qxd7 Nxd7 44. Nd5 Kf7 45. Rb3 Nc5 46. Rb6 Ra8 47. f3 Rxa3 48. Rb5 Ra1+ 49. Kh2 Rc1 50. Ra5 d3 51. Ra7+ Ke6 52. Ne3 d2 53. Rxg7 d1Q 54. Nxd1 Rxd1 55. Rxh7 Rd7 56. Rxd7 Kxd7 57. Kg3 Ke6 58. Kg4 Kf7 59. g3 Kg6 60. h4 Ne6 61. f4 Nd4 62. h5+ Kh6 63. Kh4 Ne6 64. Kg4 Ng7 65. fxe5 fxe5 66. Kh4 Nxh5 67. g4 Nf4 68. g5+ Kg6 69. Kg4 Ne6 0-1

[Event "Nedelisce Medjimurja op"]
[Site "Nedelisce"]
[Date "2018.06.24"]
[Round "5"]
[White "Kelemen, Miljenko"]
[Black "Kanizaj, Benjamin"]
[Result "1-0"]
[WhiteElo "1963"]
[BlackElo "1891"]
[PlyCount "71"]
[EventDate "2018.06.22"]
[EventType "swiss"]
[EventRounds "7"]
[EventCountry "CRO"]
[SourceTitle "EXT 2019"]
[Source "ChessBase"]
[SourceDate "2018.10.10"]
[SourceVersion "1"]
[SourceVersionDate "2018.10.10"]
[SourceQuality "1"]

1. d4 d5 2. Bf4 c5 3. e3 Nf6 4. Nf3 Nc6 5. c3 e6 6. Nbd2 Bd6 7. Bg3 0-0 8. Bd3 Re8 9. Ne5 Bxe5 10. dxe5 Nd7 11. f4 c4 12. Bc2 Qb6 13. 0-0 Qxe3+ 14. Kh1 Qc5 15. Rf3 b5 16. Bf2 Qf8 17. Bxh7+ Kxh7 18. Rh3+ Kg8 19. Qh5 f6 20. Nf3 Re7 21. Re1 g6 22. Qxg6+ Qg7 23. Qc2 Kf8 24. exf6 Nxf6 25. Bc5 Ne4 26. Rxe4 dxe4 27. Qxe4 Bb7 28. Rh7 Nd8 29. Qc2 Kg8 30. Rxg7+ Rxg7 31. Ng5 Nf7 32. h4 Nxg5 33. fxg5 Rd8 34. Bd4 Rf7 35. Qg6+ Kf8 36. Bc5+ 1-0

[Event "Nedelisce Medjimurja op"]
[Site "Nedelisce"]
[Date "2018.06.24"]
[Round "4"]
[White "Zizek, Rene"]
[Black "Kelemen, Miljenko"]
[Result "0-1"]
[WhiteElo "1330"]
[BlackElo "1963"]
[PlyCount "64"]
[EventDate "2018.06.22"]
[EventType "swiss"]
[EventRounds "7"]
[EventCountry "CRO"]
[SourceTitle "EXT 2019"]
[Source "ChessBase"]
[SourceDate "2018.10.10"]
[SourceVersion "1"]
[SourceVersionDate "2018.10.10"]
[SourceQuality "1"]

1. e4 c5 2. Nf3 e6 3. d4 cxd4 4. Nxd4 Bc5 5. Nb3 Bb6 6. Bd3 Nc6 7. Nc3 Nge7 8. Bg5 0-0 9. Nb5 d5 10. exd5 Qxd5 11. Bxe7 Nxe7 12. f3 Qe5+ 13. Qe2 Qxb2 14. Nd6 Nd5 15. c4 Qc3+ 16. Qd2 Qe5+ 17. Ne4 f5 18. cxd5 fxe4 19. Bxe4 Bd7 20. a4 a5 21. Kd1 Rad8 22. Qc2 Bc6 23. Bxh7+ Kh8 24. Bd3 Bxd5 25. Rc1 Qe3 26. Re1 Bxb3 27. Rxe3 Bxc2+ 28. Kxc2 Bxe3 29. Re1 Rc8+ 30. Kb1 Rc3 31. Rxe3 Rd8 32. Rxe6 Rcxd3 0-1

[Event "CRO Cup"]
[Site "Mali Losinj"]
[Date "2018.05.17"]
[Round "2.123"]
[White "Komljenovic, Tihomir"]
[Black "Kelemen, Miljenko"]
[Result "0-1"]
[WhiteElo "2041"]
[BlackElo "1961"]
[PlyCount "72"]
[EventDate "2018.05.16"]
[EventType "team-swiss"]
[EventRounds "6"]
[EventCountry "CRO"]
[SourceTitle "CBM 184 Extra"]
[Source "ChessBase"]
[SourceDate "2018.06.28"]
[SourceVersion "1"]
[SourceVersionDate "2018.06.28"]
[SourceQuality "1"]
[WhiteTeam "Sv Ivan Zabno"]
[BlackTeam "Varazdin"]
[WhiteTeamCountry "CRO"]
[BlackTeamCountry "CRO"]

1. e4 c5 2. Nc3 Nc6 3. g3 g6 4. Bg2 Bg7 5. d3 e6 6. Be3 Nd4 7. Qd2 Ne7 8. Nd1 d6 9. c3 Ndc6 10. h4 Ne5 11. f3 h5 12. Nf2 Rb8 13. Ne2 b5 14. f4 Nd7 15. 0-0 0-0 16. d4 Qc7 17. dxc5 Nxc5 18. Rad1 Rd8 19. Nd3 Nxd3 20. Qxd3 a5 21. e5 Nf5 22. Bf2 Bb7 23. exd6 Rxd6 24. Qc2 Bxg2 25. Kxg2 Qc6+ 26. Kg1 Rbd8 27. a3 b4 28. axb4 axb4 29. Rxd6 Rxd6 30. Rd1 Rxd1+ 31. Qxd1 Qf3 32. cxb4 Bxb2 33. Qd2 Bf6 34. b5 e5 35. Kf1 e4 36. Qd5 Ne3+ 0-1

[Event "CRO Cup"]
[Site "Mali Losinj"]
[Date "2018.05.16"]
[Round "1.113"]
[White "Kelemen, Miljenko"]
[Black "Tomulic, Teo"]
[Result "0-1"]
[WhiteElo "1961"]
[BlackElo "2273"]
[PlyCount "92"]
[EventDate "2018.05.16"]
[EventType "team-swiss"]
[EventRounds "6"]
[EventCountry "CRO"]
[SourceTitle "CBM 184 Extra"]
[Source "ChessBase"]
[SourceDate "2018.06.28"]
[SourceVersion "1"]
[SourceVersionDate "2018.06.28"]
[SourceQuality "1"]
[WhiteTeam "Varazdin"]
[BlackTeam "Rijeka ASK Junior"]
[WhiteTeamCountry "CRO"]
[BlackTeamCountry "CRO"]

1. d4 Nf6 2. Bf4 d5 3. e3 c5 4. c3 Nc6 5. Bd3 g6 6. Nd2 Bg7 7. h3 0-0 8. Ngf3 b6 9. Ne5 Bb7 10. Nxc6 Bxc6 11. Be5 Nd7 12. Bxg7 Kxg7 13. f4 e5 14. dxe5 Qh4+ 15. Kf1 Rae8 16. Nf3 Qe7 17. Qd2 f6 18. exf6+ Nxf6 19. Kf2 Ne4+ 20. Bxe4 dxe4 21. Nh2 Rxf4+ 22. Kg1 Rd8 23. Qe1 Rf6 24. Ng4 Rf5 25. c4 h5 26. Qc3+ Kh7 27. Rf1 Rxf1+ 28. Kxf1 Rd1+ 29. Ke2 Rxh1 30. Nf6+ Kh8 31. Nxh5+ Kg8 32. Nf6+ Kf7 33. Ng4 Qd6 34. Ne5+ Ke6 35. Nxc6 Qxc6 36. Qg7 Qd6 37. Qxg6+ Kd7 38. Qxe4 Qd1+ 39. Kf2 Rf1+ 40. Kg3 Qd6+ 41. Kh4 Qe7+ 42. Qxe7+ Kxe7 43. g4 Re1 44. Kg5 Rxe3 45. h4 Kf7 46. h5 Re2 0-1

[Event "Podturen Mavrin Memorial 6th"]
[Site "Podturen"]
[Date "2018.01.07"]
[Round "7"]
[White "Kelemen, Miljenko"]
[Black "Jakupec, Denis"]
[Result "1/2-1/2"]
[WhiteElo "1929"]
[BlackElo "2077"]
[PlyCount "22"]
[EventDate "2018.01.04"]
[EventType "swiss"]
[EventRounds "7"]
[EventCountry "CRO"]
[SourceTitle "CBM 182 Extra"]
[Source "ChessBase"]
[SourceDate "2018.02.23"]
[SourceVersion "1"]
[SourceVersionDate "2018.02.23"]
[SourceQuality "1"]

1. d4 Nf6 2. Bf4 g6 3. e3 Bg7 4. Nf3 0-0 5. Be2 d6 6. h3 c5 7. Nbd2 b6 8. 0-0 Ba6 9. c4 cxd4 10. exd4 d5 11. b3 Bb7 1/2-1/2

[Event "Podturen Mavrin Memorial 6th"]
[Site "Podturen"]
[Date "2018.01.06"]
[Round "4"]
[White "Bozinovic, Bogdan"]
[Black "Kelemen, Miljenko"]
[Result "1/2-1/2"]
[WhiteElo "2176"]
[BlackElo "1929"]
[PlyCount "78"]
[EventDate "2018.01.04"]
[EventType "swiss"]
[EventRounds "7"]
[EventCountry "CRO"]
[SourceTitle "CBM 182 Extra"]
[Source "ChessBase"]
[SourceDate "2018.02.23"]
[SourceVersion "1"]
[SourceVersionDate "2018.02.23"]
[SourceQuality "1"]

1. d4 Nf6 2. c4 g6 3. Nc3 Bg7 4. e4 d6 5. Nge2 0-0 6. Ng3 Nbd7 7. Be2 e5 8. d5 a5 9. h4 h5 10. Bg5 c6 11. dxc6 Nc5 12. Bxh5 bxc6 13. Be2 Ne6 14. Be3 Nf4 15. Rh2 Nxe2 16. Qxe2 Ng4 17. Rh1 Nxe3 18. Qxe3 Be6 19. b3 a4 20. Nxa4 f5 21. Qg5 Qa5+ 22. Kf1 Bxc4+ 23. Kg1 f4 24. Nf1 Be2 25. Rh3 Kf7 26. f3 Qa7+ 27. Kh1 Bf6 28. Qg4 Ba6 29. h5 g5 30. h6 Bc8 31. Qh5+ Ke7 32. Rh2 Be6 33. Qg6 Bf7 34. Qf5 Rh8 35. h7 Be6 36. Qg6 Bf7 37. Qf5 Be6 38. Qg6 Bf7 39. Qf5 Be6 1/2-1/2

[Event "Varazdinske Toplice rapid op"]
[Site "Varazdinske Toplice"]
[Date "2017.12.26"]
[Round "4"]
[White "Kelemen, Miljenko"]
[Black "Fodor, Ivan"]
[Result "1/2-1/2"]
[WhiteElo "2035"]
[BlackElo "1961"]
[PlyCount "86"]
[EventDate "2017.12.26"]
[EventType "swiss (rapid)"]
[EventRounds "9"]
[EventCountry "CRO"]
[SourceTitle "EXT 2019"]
[Source "ChessBase"]
[SourceDate "2018.10.10"]
[SourceVersion "1"]
[SourceVersionDate "2018.10.10"]
[SourceQuality "1"]

1. d4 d5 2. Bf4 Nc6 3. e3 e6 4. Nd2 Nf6 5. Ngf3 Be7 6. h3 0-0 7. Bd3 a6 8. 0-0 Nb4 9. Be2 c5 10. c3 Nc6 11. Bd3 b5 12. Rc1 Qa5 13. a3 c4 14. Bb1 Qb6 15. Qc2 g6 16. Bg5 Nh5 17. Bxe7 Nxe7 18. e4 Nf4 19. Rce1 b4 20. axb4 a5 21. bxa5 Rxa5 22. Ne5 Rb5 23. exd5 Rxb2 24. Ndxc4 Rxc2 25. Nxb6 Rxc3 26. d6 Ned5 27. Na4 Ra3 28. Nc5 Nc3 29. d7 Ba6 30. Nc6 Bxf1 31. Kxf1 Raa8 32. Nb7 Nb5 33. Be4 f5 34. Bf3 Nd3 35. Rb1 Nc3 36. d8Q Rfxd8 37. Nbxd8 Nxb1 38. Nxe6 Kh8 39. Ne5 Ra3 40. Nf7+ Kg8 41. Nh6+ Kh8 42. Nf7+ Kg8 43. Nh6+ Kh8 1/2-1/2

[Event "Varazdinske Toplice rapid op"]
[Site "Varazdinske Toplice"]
[Date "2017.12.26"]
[Round "6"]
[White "Kelemen, Miljenko"]
[Black "Maltar, Alberto"]
[Result "1-0"]
[WhiteElo "2035"]
[BlackElo "2016"]
[PlyCount "103"]
[EventDate "2017.12.26"]
[EventType "swiss (rapid)"]
[EventRounds "9"]
[EventCountry "CRO"]
[SourceTitle "EXT 2019"]
[Source "ChessBase"]
[SourceDate "2018.10.10"]
[SourceVersion "1"]
[SourceVersionDate "2018.10.10"]
[SourceQuality "1"]

1. d4 c5 2. e3 cxd4 3. exd4 Nf6 4. Bd3 g6 5. Nf3 Bg7 6. 0-0 Nc6 7. c3 0-0 8. Re1 d6 9. h3 Re8 10. Bg5 h6 11. Bh4 e5 12. Nbd2 exd4 13. cxd4 Bd7 14. Ne4 g5 15. Bg3 Nxe4 16. Bxe4 Qb6 17. Bxd6 Nxd4 18. Ba3 Nxf3+ 19. Qxf3 Bc6 20. Bxc6 Qxc6 21. Qxc6 bxc6 22. Rxe8+ Rxe8 23. Rc1 Re6 24. Kf1 Bd4 25. Rc4 Bb6 26. Bc5 Kg7 27. g3 Kf6 28. Bd4+ Ke7 29. Bc3 c5 30. a4 a6 31. h4 Kd6 32. Kg2 Kd5 33. b3 Re4 34. Rxe4 Kxe4 35. h5 Kd3 36. Bg7 Bd8 37. Bxh6 Bf6 38. Bf8 Kc3 39. Bxc5 Kxb3 40. a5 Ka4 41. Bf8 Kxa5 42. h6 Bc3 43. Bg7 Kb4 44. Bxc3+ Kxc3 45. h7 a5 46. h8Q+ Kb3 47. Kf3 a4 48. Ke3 Ka2 49. Kd2 Kb1 50. Kc3 a3 51. Qd4 a2 52. Qd1# 1-0

[Event "CRO Cup"]
[Site "Mali Losinj"]
[Date "2017.05.11"]
[Round "3.10"]
[White "Boban, Sten"]
[Black "Kelemen, Miljenko"]
[Result "1/2-1/2"]
[WhiteElo "2075"]
[BlackElo "1969"]
[PlyCount "59"]
[EventDate "2017.05.10"]
[EventType "team-swiss"]
[EventRounds "6"]
[EventCountry "CRO"]
[SourceTitle "CBM 178 Extra"]
[Source "ChessBase"]
[SourceDate "2017.06.22"]
[SourceVersion "1"]
[SourceVersionDate "2017.06.22"]
[SourceQuality "1"]
[WhiteTeam "Nova Gradiska Strmac"]
[BlackTeam "Varazdin"]
[WhiteTeamCountry "CRO"]
[BlackTeamCountry "CRO"]

1. d4 Nf6 2. c4 e6 3. Nf3 d5 4. Nc3 Nbd7 5. e3 c6 6. a3 Be7 7. Bd3 dxc4 8. Bxc4 b5 9. Bd3 a6 10. 0-0 c5 11. Qe2 Bb7 12. Rd1 Qb6 13. Bc2 0-0 14. e4 cxd4 15. Nxd4 Ne5 16. Nb3 Nc4 17. e5 Qc6 18. f4 Qb6+ 19. Kh1 Nd5 20. Nxd5 Bxd5 21. f5 Rfc8 22. f6 Bf8 23. fxg7 Bxg7 24. Qh5 Qf2 25. Qxh7+ Kf8 26. Rg1 Bxg2+ 27. Rxg2 Qf1+ 28. Rg1 Qf3+ 29. Rg2 Qf1+ 30. Rg1 1/2-1/2

[Event "Ptuj op"]
[Site "Ptuj"]
[Date "2014.08.19"]
[Round "6"]
[White "Kelemen, Miljenko"]
[Black "Acimovic, Vasja"]
[Result "1-0"]
[WhiteElo "2056"]
[BlackElo "1555"]
[PlyCount "73"]
[EventDate "2014.08.15"]
[EventType "swiss"]
[EventRounds "9"]
[EventCountry "SLO"]
[SourceTitle "CBM 161 Extra"]
[Source "ChessBase"]
[SourceDate "2014.08.29"]
[SourceVersion "1"]
[SourceVersionDate "2014.08.29"]
[SourceQuality "1"]

1. d4 d5 2. Nf3 Nf6 3. Bf4 c6 4. Nbd2 Qb6 5. Qc1 Bf5 6. e3 e6 7. Be2 Be7 8. 0-0 0-0 9. Nh4 Bg6 10. Nxg6 hxg6 11. Bg5 Nbd7 12. f4 c5 13. Nf3 cxd4 14. exd4 Bd6 15. Bxf6 Nxf6 16. Rb1 Rac8 17. c3 Nd7 18. Kh1 Qc7 19. Ng5 Be7 20. Nh3 a6 21. Rf3 Nf6 22. Bd3 Bd6 23. Qe1 Rfe8 24. Qh4 Nh5 25. Rbf1 f5 26. Re3 Re7 27. Be2 Qd7 28. Bxh5 gxh5 29. Qxh5 Qe8 30. Qe2 Qg6 31. Re1 Rce8 32. g3 Qh6 33. Ng5 Bb8 34. Qf1 e5 35. dxe5 Bxe5 36. Qd3 Bf6 37. Qxd5+ 1-0

[Event "Ptuj op"]
[Site "Ptuj"]
[Date "2014.08.15"]
[Round "1"]
[White "Zagorsek, David"]
[Black "Kelemen, Miljenko"]
[Result "1/2-1/2"]
[WhiteElo "1862"]
[BlackElo "2056"]
[PlyCount "115"]
[EventDate "2014.08.15"]
[EventType "swiss"]
[EventRounds "9"]
[EventCountry "SLO"]
[SourceTitle "CBM 161 Extra"]
[Source "ChessBase"]
[SourceDate "2014.08.29"]
[SourceVersion "1"]
[SourceVersionDate "2014.08.29"]
[SourceQuality "1"]

1. e4 c5 2. Nf3 Nc6 3. d4 cxd4 4. Nxd4 Nf6 5. Nc3 g6 6. Be3 Bg7 7. Bc4 d6 8. f3 0-0 9. Qd2 Bd7 10. 0-0-0 Qb8 11. h4 b5 12. Bd3 Ne5 13. h5 Rc8 14. hxg6 fxg6 15. Nd5 Nxd5 16. exd5 Nxd3+ 17. Qxd3 Rc4 18. Rxh7 Kxh7 19. Rh1+ Kg8 20. Qxg6 Qe8 21. Qh7+ Kf7 22. Rh6 Rac8 23. Qg6+ Kg8 24. Qh7+ Kf8 25. Rg6 Qf7 26. Rxg7 Qxg7 27. Bh6 Qxh6+ 28. Qxh6+ Kf7 29. Qh7+ Kf6 30. Qh4+ Kf7 31. Qe4 Kf6 32. g4 Rh8 33. b3 Rc5 34. g5+ Kf7 35. Kb2 a5 36. Ne6 Bxe6 37. Qxe6+ Ke8 38. f4 Rh2 39. Qe4 Rc7 40. f5 b4 41. f6 Rhxc2+ 42. Qxc2 Rxc2+ 43. Kxc2 exf6 44. gxf6 Kf7 45. a3 bxa3 46. Kb1 Kxf6 47. Ka2 Ke5 48. Kxa3 Kxd5 49. Ka4 Ke4 50. Kxa5 d5 51. b4 d4 52. b5 d3 53. b6 d2 54. b7 d1Q 55. b8Q Qa1+ 56. Kb6 Qb2+ 57. Kc7 Qxb8+ 58. Kxb8 1/2-1/2

[Event "Ptuj op 01"]
[Site "Ptuj"]
[Date "2014.01.25"]
[Round "8"]
[White "Kelemen, Miljenko"]
[Black "Murko, David"]
[Result "1-0"]
[WhiteElo "2021"]
[BlackElo "1847"]
[PlyCount "125"]
[EventDate "2014.01.17"]
[EventType "swiss"]
[EventRounds "9"]
[EventCountry "SLO"]
[SourceTitle "EXT 2016"]
[Source "ChessBase"]
[SourceDate "2015.10.08"]
[SourceVersion "1"]
[SourceVersionDate "2015.10.08"]
[SourceQuality "1"]

1. d4 Nf6 2. Bg5 Ne4 3. Bf4 d5 4. Nd2 Nf6 5. Ngf3 Bf5 6. h3 h5 7. e3 e6 8. Be2 c5 9. Ne5 Nc6 10. c3 Qb6 11. b3 cxd4 12. exd4 Ba3 13. Ndc4 dxc4 14. Nxc4 Qd8 15. Nxa3 Nd5 16. Bd2 Qe7 17. Nc4 0-0-0 18. 0-0 e5 19. Bxh5 exd4 20. Bg4 Qd7 21. cxd4 Nxd4 22. Ne5 Bxg4 23. Qxg4 Qxg4 24. Nxg4 Kb8 25. Rfd1 Ne2+ 26. Kf1 Ndc3 27. Bxc3 Nxc3 28. Rxd8+ Rxd8 29. Ke1 f5 30. Ne3 Re8 31. g3 f4 32. gxf4 Nd5 33. Kd2 Nxf4 34. h4 Rd8+ 35. Kc3 Rh8 36. Rh1 g5 37. Nf5 Rf8 38. Nd6 gxh4 39. Rxh4 Ne2+ 40. Kd2 Rxf2 41. Ke3 Rg2 42. Kf3 Rg6 43. Nb5 Ng1+ 44. Kf2 Rg8 45. Rh1 a6 46. Na3 Rd8 47. Rxg1 Rd2+ 48. Ke3 Rxa2 49. Nc4 Rh2 50. Rg3 Rh4 51. Kd3 b5 52. Na5 Ka7 53. Rg6 Rf4 54. Re6 Rh4 55. b4 Rg4 56. Re7+ Kb8 57. Re4 Rg1 58. Kd4 Rc1 59. Kd5 Rc2 60. Re7 Rc1 61. Nc6+ Kc8 62. Kd6 Rc2 63. Rc7# 1-0